Statistics for 4-Letter Word Chain

Click here to take the quiz!

General Stats

  • This quiz has been taken 125 times
  • The average score is 12 of 20

Answer Stats

HintAnswer% Correct
United ____ EmiratesArab
98%
Target of a golf ballHole
77%
Someone from Denmark is a ____Dane
76%
Citric, Carbonic, AceticAcid
75%
West African CountryMali
72%
Country in the Middle EastOman
70%
Alliance founded in Brussels in 1949NATO
69%
____crine system of glandsEndo
68%
Mesopotamian bread typeNaan
67%
Proclaim in painOuch!
66%
Capital of West GermanyBonn
63%
The only cheese that's made backwardsEdam
59%
Zero, Zilch, NoneNada
51%
Southernmost point of the world apart from Antartica: Cape ____Horn
44%
Organization founded by Dwight EisenhowerNASA
43%
Process of creating patterns on hard surfaces, usually metalEtch
40%
Creator of a decryption machine used to decrypt the Enigma(first name)Alan
38%
A mineraloid, not a mineralOpal
33%
Natives to southern Nigeria and Equatorial GuineaIgbo
31%
Fabric, Shoe, TV ShowLace
20%

Score Distribution

Percentile by Number Answered

Percent of People with Each Score

Your Score History

You have not taken this quiz